Vychovávame dobrých odborníkov náčelník Vojenskej strednej školy leteckej v Košiciach T. Havlík:

Bibliographic Details
Main Authors: Mrva, František (ain), Havlík, Tibor (Author, uin)
Format: Article
Language:Slovak
PhysicalDescription:Fotogr.
Subjects:

MARC

LEADER 00000nab a2200000 a 4500
001 vtls000658402
003 SK-MaSNL
005 20260302183505.0
008 180206c1998 xo 0 slo
015 |a SNBRB1998/06-16235 
035 |a CLN000010594 
040 |a SNKBUCL  |b slo  |c SNKBUCL  |e AACR2 
041 0 |a slo 
044 |a xo  |c SK 
080 |a 373.6:358.4  |2 UDC-MRF-SK2 
080 |a 355.23(437.6)  |2 UDC-MRF-SK2 
100 1 |a Mrva, František  |4 ain  |9 12692 
245 1 0 |a Vychovávame dobrých odborníkov  |b náčelník Vojenskej strednej školy leteckej v Košiciach T. Havlík:  |c [zhováral sa] František Mrva 
300 |b Fotogr. 
610 7 |a Vojenská stredná škola letecká (Košice, Slovensko)  |2 snkbucl  |9 886120 
651 7 |a Košice (Slovensko)  |2 snkbucl  |9 18694 
655 7 |a články z novín a časopisov  |2 snkbucl  |9 267496 
700 1 |a Havlík, Tibor  |4 aut  |4 uin  |9 14104 
773 0 |t Slovenská republika  |g Roč. 6, č. 124 (1.6.1998), s. 13 
850 |a Slovenská národná knižnica v Martine 
852 |a SNK  |b KIS3GCP 
958 |a RBX 
999 |c 1421920  |d 1423850